| 000 | 00893nam a22002535a 4500 | ||
|---|---|---|---|
| 003 | OSt | ||
| 005 | 20170412112021.0 | ||
| 008 | 170412s2015 ua frb 000 0 ara d | ||
| 015 | _a2014 / 23902 | ||
| 020 | _a9789770476802 | ||
| 040 |
_aEG-ScBUE _bara _cEG-ScBUE |
||
| 043 | _af-ua--- | ||
| 082 | 0 | 4 |
_a347.6209 _bو ا ل _222 |
| 100 | 1 | _aوالي، فتحي. | |
| 245 | 1 | 0 |
_aكتابات في القضاء المدني والتحكيم : _bبحوث وتعليقات 1961-2014 / _cفتحي والي. |
| 260 |
_aالقاهرة : _bدار النهضة العربية، _c2015. |
||
| 300 |
_a887 ص. ؛ _c24 سم. |
||
| 504 | _aيشتمل على إرجاعات ببليوجرافية. | ||
| 650 | 7 |
_aالقضاء المدني _2BUEsh _zمصر. |
|
| 650 | 7 |
_aالتحكيم (قانون المرافعات) _2BUEsh _zمصر. |
|
| 651 | _2BUEsh | ||
| 653 |
_bLLAAWW _cApril2017 |
||
| 942 | _2ddc | ||
| 999 |
_c24659 _d24631 |
||